Close-Up Movie Posters III Quiz Stats

Quiz Updated Oct 28, 2015

Challenge
Share
Tweet
Score 0/25 Timer 05:00
1 Play Today
% Correct
Batman
97.6%
Mean Girls
85.9%
Airplane!
82.2%
The Notebook
75.5%
Ferris Bueller's Day Off
74.6%
Gravity
72.3%
The Godfather
69.3%
Avatar
68.4%
The Graduate
67.8%
Raiders of the Lost Ark
67.7%
Halloween
67.3%
The Big Lebowski
50.5%
King Kong
49.4%
% Correct
V for Vendetta
48.1%
The Exorcist
43.6%
Psycho
42.3%
Mad Max: Fury Road
41.4%
West Side Story
38.4%
The Seven Year Itch
37.2%
Apocalypse Now
33.3%
The Truman Show
30.3%
127 Hours
28.6%
Reservoir Dogs
22%
Rocky
19.9%
The Shining
12.6%

You're not logged in!

Compare scores with friends on all Sporcle quizzes.
Join for Free
OR
Log In

You Might Also Like...

Show Comments

Extras

Top Quizzes Today


Score Distribution

Your Account Isn't Verified!

In order to create a playlist on Sporcle, you need to verify the email address you used during registration. Go to your Sporcle Settings to finish the process.

Report this User

Report this user for behavior that violates our Community Guidelines.

Details: